[Event "POL-ch U12"]
[Site "Uniejow"]
[Date "2021.07.20"]
[Round "2"]
[White "Janicki, Tomasz"]
[Black "Kudraszow, Filip"]
[Result "1-0"]
[WhiteElo "1408"]
[BlackElo "1313"]
[PlyCount "77"]
[EventDate "2021.07.18"]
[EventType "swiss"]
[EventRounds "9"]
[EventCountry "POL"]
[SourceTitle "EXT 2022"]
[Source "ChessBase"]
[SourceDate "2021.10.06"]
[SourceVersion "1"]
[SourceVersionDate "2021.10.06"]
[SourceQuality "1"]

1. d4 f5 2. c4 Nf6 3. g3 e6 4. Bg2 Be7 5. Nc3 0-0 6. h4 d6 7. Nh3 Nbd7 8. Nf4 Nb6 9. Qb3 Kh8 10. a4 e5 11. dxe5 dxe5 12. Nd3 Be6 13. Nxe5 Bd6 14. Nd3 Bxc4 15. Qc2 c6 16. 0-0 Nbd5 17. Nxd5 Bxd5 18. Bf4 Bxg2 19. Kxg2 Nd5 20. e3 Bxf4 21. exf4 Qb6 22. Ne5 Rad8 23. Rfd1 Qb4 24. Ra3 Nxf4+ 25. gxf4 Rxd1 26. Qxd1 Qxf4 27. Re3 Qxh4 28. Ng6+ hxg6 29. Rh3 Qxh3+ 30. Kxh3 Re8 31. Qd6 Re4 32. Qxg6 Rxa4 33. Qxf5 Ra2 34. Qc8+ Kh7 35. Qxb7 a5 36. Qb3 Ra1 37. Qc2+ Kh8 38. Qxc6 Ra2 39. Qc1 1-0